| 000 | 00331nam a22001457a 4500 | ||
|---|---|---|---|
| 003 | SGT | ||
| 082 |
_a617.6342 _bR21T |
||
| 100 | _aTanu | ||
| 245 | _aRoot resorptin | ||
| 260 |
_aGurugram, Haryana _bSGT University _c2021 |
||
| 300 | _a92 | ||
| 650 | _aConservative Dentistry | ||
| 653 | _aConservative Dentistry | ||
| 942 |
_2ddc _cTH |
||
| 999 |
_c23627 _d23627 |
||